<?xml version="1.0" encoding="UTF-8"?><record xmlns="http://www.loc.gov/MARC21/slim" xmlns:zs="http://docs.oasis-open.org/ns/search-ws/sruResponse">
  <leader>03905nam a22004573i 4500</leader>
  <controlfield tag="001">22061754</controlfield>
  <controlfield tag="005">20250607105742.4</controlfield>
  <controlfield tag="006">m    |o  d |      </controlfield>
  <controlfield tag="007">cr |||||||||||</controlfield>
  <controlfield tag="008">210525s1932    xx |||||o|||||||| ||fre  </controlfield>
  <datafield ind1=" " ind2=" " tag="035">
    <subfield code="a">22061754</subfield>
  </datafield>
  <datafield ind1=" " ind2=" " tag="906">
    <subfield code="a">0</subfield>
    <subfield code="b">ibc</subfield>
    <subfield code="c">orignew</subfield>
    <subfield code="d">u</subfield>
    <subfield code="e">ncip</subfield>
    <subfield code="f">20</subfield>
    <subfield code="g">y-gencatlg</subfield>
  </datafield>
  <datafield ind1=" " ind2=" " tag="955">
    <subfield code="a">LCAP batch update 2025-06-02-04:00: LCAPM-988</subfield>
  </datafield>
  <datafield ind1=" " ind2=" " tag="010">
    <subfield code="a">  2021667886</subfield>
  </datafield>
  <datafield ind1=" " ind2=" " tag="035">
    <subfield code="a">(WDL)11570</subfield>
  </datafield>
  <datafield ind1=" " ind2=" " tag="040">
    <subfield code="a">DLC</subfield>
    <subfield code="b">eng</subfield>
    <subfield code="c">DLC</subfield>
  </datafield>
  <datafield ind1=" " ind2=" " tag="041">
    <subfield code="a">fre</subfield>
  </datafield>
  <datafield ind1=" " ind2=" " tag="080">
    <subfield code="a">327</subfield>
  </datafield>
  <datafield ind1=" " ind2=" " tag="080">
    <subfield code="a">344</subfield>
  </datafield>
  <datafield ind1="0" ind2="0" tag="245">
    <subfield code="a">Petition of Railroad Workers of Hungarian Origin, Draft Reply, Legal Arguments.</subfield>
  </datafield>
  <datafield ind1=" " ind2=" " tag="260">
    <subfield code="a">Geneva :</subfield>
    <subfield code="b">[publisher not identified],</subfield>
    <subfield code="c">1932-11-01.</subfield>
  </datafield>
  <datafield ind1=" " ind2=" " tag="300">
    <subfield code="a">1 online resource.</subfield>
  </datafield>
  <datafield ind1=" " ind2=" " tag="336">
    <subfield code="a">text</subfield>
    <subfield code="b">txt</subfield>
    <subfield code="2">rdacontent</subfield>
  </datafield>
  <datafield ind1=" " ind2=" " tag="337">
    <subfield code="a">computer</subfield>
    <subfield code="b">c</subfield>
    <subfield code="2">rdamedia</subfield>
  </datafield>
  <datafield ind1=" " ind2=" " tag="338">
    <subfield code="a">online resource</subfield>
    <subfield code="b">cr</subfield>
    <subfield code="2">rdacarrier</subfield>
  </datafield>
  <datafield ind1=" " ind2=" " tag="500">
    <subfield code="a">Title devised, in English, by Library staff.</subfield>
  </datafield>
  <datafield ind1=" " ind2=" " tag="500">
    <subfield code="a">Original resource extent: 2 typed pages.</subfield>
  </datafield>
  <datafield ind1=" " ind2=" " tag="520">
    <subfield code="a">After World War I, the states of central and southeastern Europe were compelled by the victorious Allied and Associated Powers to sign agreements guaranteeing religious, social, and political equality to their minority populations. The states covered were Austria, Bulgaria, Czechoslovakia, Greece, Hungary, Poland, Romania, and Yugoslavia. Groups or individuals who believed they had been discriminated against for ethnic or linguistic reasons could petition the League of Nations for redress by the Council. The Minority Section within the League Secretariat was responsible for screening incoming petitions, requesting responses from the accused states, and forwarding cases to an ad hoc Committee of Three, which was asked to determine whether involvement by the Council was warranted. Between 1920 and 1939, some 883 petitions were submitted to the Minority Section. However, only 16 of the 395 petitions deemed "receivable" ever reached the attention of the Council, and of these 16, the Council very reluctantly condemned the accused state of improper treatment in only four cases. In 1932, a group of 18 railroad workers of Hungarian origin submitted a petition alleging discrimination by the government of Czechoslovakia. The workers, all formerly employed by the railroads of Austria-Hungary, claimed that they had been discharged from their jobs and denied pensions on the grounds of their nationality. Shown here is the reply to the petition by the Committee of Three, composed of representatives from Guatemala, Norway, and Spain. The committee concluded that the men had not been discriminated against, but it nonetheless suggested that the government of Czechoslovakia consider whether a way could be found for the men to receive pensions for their pre-1918 employment. The response was in many ways typical of the approach taken by the Minority Section, which was to avoid condemning states outright for discrimination while seeking to defuse problems through informal solutions. The document is held in the archives of the League, which were transferred to the United Nations in 1946 and are housed at the UN office in Geneva. The archives were inscribed on the UNESCO Memory of the World register in 2010.</subfield>
  </datafield>
  <datafield ind1="1" ind2=" " tag="535">
    <subfield code="3">Original resource at:</subfield>
    <subfield code="a">United Nations Office at Geneva Library.</subfield>
  </datafield>
  <datafield ind1=" " ind2=" " tag="546">
    <subfield code="a">Content in French.</subfield>
  </datafield>
  <datafield ind1="0" ind2=" " tag="588">
    <subfield code="a">Description based on data extracted from World Digital Library, which may be extracted from partner institutions.</subfield>
  </datafield>
  <datafield ind1=" " ind2="0" tag="653">
    <subfield code="a">1919 to 1932</subfield>
  </datafield>
  <datafield ind1=" " ind2="0" tag="653">
    <subfield code="a">Discrimination</subfield>
    <subfield code="a">League of Nations</subfield>
    <subfield code="a">Memory of the World</subfield>
    <subfield code="a">Minorities</subfield>
    <subfield code="a">Politics and government</subfield>
    <subfield code="a">World War, 1914-1918</subfield>
  </datafield>
  <datafield ind1=" " ind2=" " tag="720">
    <subfield code="a">League of Nations. Committee of Three</subfield>
    <subfield code="e">Author.</subfield>
  </datafield>
  <datafield ind1=" " ind2=" " tag="752">
    <subfield code="a">Czech Republic</subfield>
  </datafield>
  <datafield ind1=" " ind2=" " tag="752">
    <subfield code="a">Hungary</subfield>
  </datafield>
  <datafield ind1=" " ind2=" " tag="752">
    <subfield code="a">Slovakia</subfield>
  </datafield>
  <datafield ind1="0" ind2=" " tag="773">
    <subfield code="t">League of Nations Archives</subfield>
  </datafield>
  <datafield ind1="4" ind2="0" tag="856">
    <subfield code="d">gdcwdl</subfield>
    <subfield code="f">wdl_11570</subfield>
    <subfield code="u">https://hdl.loc.gov/loc.wdl/wdl.11570</subfield>
  </datafield>
  <datafield ind1=" " ind2=" " tag="985">
    <subfield code="a">wdl/wdlpartner/wdlunog</subfield>
  </datafield>
  <datafield ind1=" " ind2=" " tag="991">
    <subfield code="b">s-Online</subfield>
    <subfield code="h">Electronic Resource</subfield>
  </datafield>
</record>
